000 00612nam a22001457a 4500
020 _a812740226-5
082 _a823
_bBER/T
100 _aBERK TOMS
245 _aTENALI TALES
260 _aKOTTAYAM
_bAVANTY PUBLICATIONS
_c2022
300 _a100
520 _aThe Wit of Tenali Raman is a collection of stories about Tenali Raman, from his childhood to when he was in the court of Krishnadevaraya. After the loss of his father, Raman and his mother moved in with Raman's uncle in their native of Tenali. This was how he came to be known as Raman of Tenali, or Tenali Raman.
650 _aSHORT STORY
942 _cBK
999 _c6832
_d6832